Из опита на Отечествения фронт сред жените в Смолянски окръг и с. Катуница - Пловдивско (Запис номер 125898)
[ съкратено ]
| 000 -Лидер | |
|---|---|
| Контролно поле с фиксирана дължина | nam a22 a 4500 |
| 003 - Код на организацията, давaща контролен номер | |
| Контролно поле | BLK |
| 005 - Дата и час на последна редакция | |
| Контролно поле | 20220513110829.0 |
| 008 - Елементи от данни с фиксирана дължина | |
| fixed length control field | 180409b bul|||||r ||||||| ||bul|| |
| 010 ## - Наследен системен номер | |
| LC control number | KNG00131577000 |
| 040 ## - Източник на каталожния запис | |
| Идентификатор на билиотеката - собственик на записа | BLK |
| 041 ## - Код за език | |
| Код за езика на текст/звукозапис или на отделно заглавие | Български |
| Код за езика КДБФ | Български |
| 080 ## - УДК | |
| Текстов определител УДК | Извънучилищно образование. Културно-просветна работа. |
| УДК код - определител по УДК | 374 |
| УДК определител | (497.2) |
| УДК - код + определител | 374(497.2) |
| 080 ## - УДК | |
| Текстов определител УДК | Женско движение. Женски въпрос. Обществено положение на жената. Равноправие на жената |
| УДК код - определител по УДК | 396 |
| УДК определител | (497.2) |
| УДК - код + определител | 396(497.2) |
| 100 1# - Редна дума - Автор | |
| Автор | Белчева, Маня |
| Авторска отговорност | първи автор |
| R(LIN) | 319720 |
| 139 ## - Редно поле | |
| Редна дума | Белчева, Маня |
| Авторски знак | Белч - Б 36 |
| 245 10 - Сведения за заглавието | |
| Заглавие | Из опита на Отечествения фронт сред жените в Смолянски окръг и с. Катуница - Пловдивско |
| Редно поле (дума) | Маня Белчева. |
| 257 ## - Страна на издаване | |
| Страна на създаване/издаване | България |
| 260 ## - Област на издателските данни | |
| Име на издателя, разпространителя и проч. | НС ОФ |
| Година на издаване | 1964 |
| Място на издаване, разпространение и проч. | София |
| 300 ## - Физическа характеристика | |
| Страници | 36 с. |
| Размери/Мащаб | 22 см |
| 380 ## - Жанр | |
| Жанр | Обществени науки |
| 490 ## - СЕРИИ (Колекции) | |
| Име на серия | Библиотека на жената |
| №: серия | Г. 8, кн. 12 |
| 9 (RLIN) | 204926 |
| 500 ## - Общи забележки | |
| Забележка | 5 000 тир. |
| 650 #4 - Допълнително описание по предмет – тема | |
| Основно описание – тема или топоним | Жени - България |
| 9 (RLIN) | 262385 |
| 651 #4 - Допълнително описание по предмет - топоним | |
| Географско понятие | Смолянско |
| 9 (RLIN) | 179564 |
| 651 #4 - Допълнително описание по предмет - топоним | |
| Географско понятие | Пловдивско |
| 9 (RLIN) | 179378 |
| 651 #4 - Допълнително описание по предмет - топоним | |
| Географско понятие | Катуница |
| 9 (RLIN) | 179020 |
| 651 #4 - Допълнително описание по предмет - топоним | |
| Географско понятие | България |
| 9 (RLIN) | 241624 |
| 653 ## - Ключова дума – ненормативна | |
| Ключова дума | жени |
| 653 ## - Ключова дума – ненормативна | |
| Ключова дума | Отечествен фронт |
| 653 ## - Ключова дума – ненормативна | |
| Ключова дума | културно-просветна работа |
| 852 ## - Местоположение | |
| Форматна сигнатура | Цб 32971 |
| Фондова буква | Хранилище |
| 856 4# - Електронен адрес и достъп | |
| Електронен формат | pdf - файл |
| 856 4# - Електронен адрес и достъп | |
| Електронен формат | pdf - файл |
| 999 ## - СИСТЕМНИ КОНТРОЛНИ НОМЕРА | |
| Koha biblionumber | 125898 |
| Koha biblioitemnumber | 125898 |
| 942 ## - АРТИКУЛИ | |
| Вид на библиотечния материал | Книги |
| Скрит в OPAC | Не |
| Периодичен библиозапис | Да |
| 944 ## - СЪЗДАВАНЕ И РЕДАКЦИЯ на ЗАПИСА | |
| Създаване/Редакция | Създаване |
| Дата на регистрацията/редакция | 23.06.2012 |
| Статус, дата на статуса | 23.06.2012 - от С1,Р / 23.06.2012 |
| Служител, извършил регистрацията/редакцията | Диана_Димитрова |
| 944 ## - СЪЗДАВАНЕ И РЕДАКЦИЯ на ЗАПИСА | |
| Създаване/Редакция | Редакция |
| Дата на регистрацията/редакция | 23.06.2012 |
| Статус, дата на статуса | 23.06.2012 - от С1,Р / 23.06.2012 |
| 999 ## - СИСТЕМНИ КОНТРОЛНИ НОМЕРА | |
| Koha biblioitemnumber | 125898 |
| Код за отписване | Код за изгубен артикул | Източник на класификационната схема | Код за повреда | Коз за рестрикции | Код за отдаване | Артикулен № | Име на библиотеката - собственик | Име на библиотеката, в която се намира в момента | Статус (Текущо местоположение) | Дата на вписване в системата | Местоположение - отдел | Цена в лева | Инвентарен номер | Систематично азбучна сигнатура | Баркод | Номер на екземпляра | Цена в евро | Служебна бележка | Служебен тип на артикула |
|---|---|---|---|---|---|---|---|---|---|---|---|---|---|---|---|---|---|---|---|
| Не е изгубен | Universal Decimal Classification | Не е повреден | само за читалня | ползва се в читалня | 204857 | Регионална библиотека "Любен Каравелов" Русе | Регионална библиотека "Любен Каравелов" Русе | Хранилище | 1964-01-01 | Хранилище | 0.06 | 4967/65 | Цб 32971 | 900000095290 | 1 | 0.03 | Дост: Dp Вид: Д N: стар фонд Дата: 01.01.1964 | Книги |